|
|
|
|
| LEADER |
03896nam a22005415i 4500 |
| 001 |
978-3-540-75381-0 |
| 003 |
DE-He213 |
| 005 |
20151204163815.0 |
| 007 |
cr nn 008mamaa |
| 008 |
100301s2007 gw | s |||| 0|eng d |
| 020 |
|
|
|a 9783540753810
|9 978-3-540-75381-0
|
| 024 |
7 |
|
|a 10.1007/978-3-540-75381-0
|2 doi
|
| 040 |
|
|
|d GrThAP
|
| 050 |
|
4 |
|a QA76.758
|
| 072 |
|
7 |
|a UMZ
|2 bicssc
|
| 072 |
|
7 |
|a UL
|2 bicssc
|
| 072 |
|
7 |
|a COM051230
|2 bisacsh
|
| 082 |
0 |
4 |
|a 005.1
|2 23
|
| 245 |
1 |
0 |
|a Software Process Improvement
|h [electronic resource] :
|b 14th European Conference, EuroSPI 2007, Potsdam, Germany, September 26-28, 2007. Proceedings /
|c edited by Pekka Abrahamsson, Nathan Baddoo, Tiziana Margaria, Richard Messnarz.
|
| 264 |
|
1 |
|a Berlin, Heidelberg :
|b Springer Berlin Heidelberg,
|c 2007.
|
| 300 |
|
|
|a XI, 225 p.
|b online resource.
|
| 336 |
|
|
|a text
|b txt
|2 rdacontent
|
| 337 |
|
|
|a computer
|b c
|2 rdamedia
|
| 338 |
|
|
|a online resource
|b cr
|2 rdacarrier
|
| 347 |
|
|
|a text file
|b PDF
|2 rda
|
| 490 |
1 |
|
|a Lecture Notes in Computer Science,
|x 0302-9743 ;
|v 4764
|
| 505 |
0 |
|
|a Software Process Improvement – EuroSPI 2007 Conference -- Enforcement, Alignment, Tailoring -- Tailoring and Introduction of the Rational Unified Process -- Maintaining a Large Process Model Aligned with a Process Standard: An Industrial Example -- Synergies Between the Common Criteria and Process Improvement -- Focus on SME Issues -- Determining Practice Achievement in Project Management Using a Two-Phase Questionnaire on Small and Medium Enterprises -- Using Practice Outcome Areas to Understand Perceived Value of CMMI Specific Practices for SMEs -- SPI with Lightweight Software Process Modeling in a Small Software Company -- Improvement Analysis and Empirical Studies -- A Practitioner Experiment in Understanding Software Process Improvement Using Systems Modular Analysis -- Organizing Improvement Work: A Longitudinal Case -- An Experiment with a Release Planning Method for Web Application Development -- New Avenues of SPI -- Defining a Legal Risk Management Strategy: Process, Legal Risk and Lifecycle -- iCharts: Charts for Software Process Improvement Value Management -- Organizational Learning Through Project Postmortem Reviews – An Explorative Case Study -- SPI Methodologies -- Modelling Software Processes as Human-Centered Adaptive Work Systems -- Performance Comparison of Software Complexity Metrics in an Open Source Project -- A Methodology for Identifying Critical Success Factors That Influence Software Process Improvement Initiatives: An Application in the Brazilian Software Industry -- Testing and Reliability -- Quality Impact of Introducing Component-Level Test Automation and Test-Driven Development -- The Impact of Test-Driven Development on Software Development Productivity — An Empirical Study -- Investigating the Software Fault Profile of Industrial Projects to Determine Process Improvement Areas: An Empirical Study.
|
| 650 |
|
0 |
|a Computer science.
|
| 650 |
|
0 |
|a Software engineering.
|
| 650 |
|
0 |
|a Computers and civilization.
|
| 650 |
|
0 |
|a Management information systems.
|
| 650 |
1 |
4 |
|a Computer Science.
|
| 650 |
2 |
4 |
|a Software Engineering/Programming and Operating Systems.
|
| 650 |
2 |
4 |
|a Software Engineering.
|
| 650 |
2 |
4 |
|a Management of Computing and Information Systems.
|
| 650 |
2 |
4 |
|a Computers and Society.
|
| 700 |
1 |
|
|a Abrahamsson, Pekka.
|e editor.
|
| 700 |
1 |
|
|a Baddoo, Nathan.
|e editor.
|
| 700 |
1 |
|
|a Margaria, Tiziana.
|e editor.
|
| 700 |
1 |
|
|a Messnarz, Richard.
|e editor.
|
| 710 |
2 |
|
|a SpringerLink (Online service)
|
| 773 |
0 |
|
|t Springer eBooks
|
| 776 |
0 |
8 |
|i Printed edition:
|z 9783540747659
|
| 830 |
|
0 |
|a Lecture Notes in Computer Science,
|x 0302-9743 ;
|v 4764
|
| 856 |
4 |
0 |
|u http://dx.doi.org/10.1007/978-3-540-75381-0
|z Full Text via HEAL-Link
|
| 912 |
|
|
|a ZDB-2-SCS
|
| 912 |
|
|
|a ZDB-2-LNC
|
| 950 |
|
|
|a Computer Science (Springer-11645)
|